| 000 | 005280000a22001930004500 | ||
|---|---|---|---|
| 003 | LK-CoMWRAF | ||
| 005 | 20231010125108.0 | ||
| 008 | 230817t ||||| |||| 00| 0 eng d | ||
| 040 |
_aLK-CoMWRAF _dLK-CoMWRAF _eLK-CoMWRAF |
||
| 041 | _aeng | ||
| 082 |
_a297.265 _bBAD |
||
| 100 | _aBadawi, Gamal A. | ||
| 245 | _aThe Status of woman in Islam | ||
| 260 |
_aU.S.A. & Canada : _bThe Muslim students' association, _c1972 |
||
| 300 | _a28p | ||
| 650 | _aWomen in Islam | ||
| 650 | _aWomen -- Legal status, laws, | ||
| 942 | _cBK | ||
| 999 |
_c1645 _d1645 |
||